Lana Del Rey - Peppers Lyrics - Statistics

General Stats
  • This quiz has been taken 49 times
  • The average score is 404 of 463
Answer Stats
Answer % Correct
a
100%
Angelina
100%
ha
100%
Hands
100%
hands
100%
I
100%
Jolie
100%
knees
100%
my
100%
My
100%
on
100%
you
100%
your
100%
I'm
97%
I’m
97%
(I'm
97%
me
97%
Me
97%
the
97%
and
91%
can
91%
in
91%
put
91%
so
91%
to
91%
boyfriend
89%
hair
89%
back
86%
Do
86%
Let
86%
listen
86%
Peppers
86%
somewhere
86%
braid
83%
it
83%
love
80%
love)
80%
We
80%
cross
77%
for
77%
All
74%
all
74%
Chili
74%
criss
74%
don’t
74%
like
74%
take
74%
Take
74%
time
74%
fat
71%
"Fuck
71%
matter
71%
songs
69%
been
66%
COVID
66%
dip
66%
he
66%
kissing
66%
mind
66%
off
66%
positive
66%
show"
66%
skinny
66%
tested
66%
up
66%
write
66%
blinds
63%
clothes
63%
give
63%
have
63%
open
63%
tryin’
63%
We've
63%
without
63%
Got
60%
got
60%
wind
60%
coffee
57%
has
57%
hit
57%
I'll
57%
minute
57%
whatever
57%
Baby
54%
bring
54%
cry
54%
get
54%
knife
54%
neighbors
54%
wine
54%
yeah
54%
bike
51%
can’t
51%
caution
51%
gonna
51%
if
51%
naked
51%
threw
51%
dance
49%
honey
49%
midnight
49%
yourself
49%
myself
46%
drive
43%
jacket
43%
lose
43%
much
43%
onto
43%
sit
40%
('Cause
37%
truck
37%
vine
37%
upskirt
31%
No matching quizzes found
Score Distribution
Percent of People with Each Score
Percentile by Number Answered
Your Score History
You have not taken this quiz